| 000 | 01959cam a22004814i 4500 | ||
|---|---|---|---|
| 003 | PE-LiUPU | ||
| 005 | 20250731172836.0 | ||
| 008 | 150825s2009 miu rb 000 0 eng d | ||
| 020 | _a9780825430671 | ||
| 035 | _a(Sirsi) i9780825430671 | ||
| 040 |
_aPE-LiUPU _bspa _cPE-LiUPU _erda |
||
| 049 | _aPRUA | ||
| 082 | 0 | 4 |
_a230 _bL32 _222 |
| 100 | 1 |
_aLay, Robert F., _eautor. |
|
| 245 | 1 | 0 |
_aReadings in historical theology : _bprimary sources of the Christian faith / _cRobert F. Lay. |
| 264 | 1 |
_aGrand Rapids : _bKregel Academic & Professional, _c[2009]. |
|
| 300 | _a1 CD-ROM | ||
| 300 |
_a362 páginas ; _c28 centímetros |
||
| 336 |
_atext _2rdacontent |
||
| 337 |
_aunmediated _2rdamedia |
||
| 338 |
_avolume _2rdacarrier |
||
| 504 | _aBibliografía : páginas 361-362. | ||
| 505 | 0 | _aAncient creeds, confessions, and catechisms -- Ancient apologetics -- Faith and learning -- The church and churchcouncils -- The monastic tradition -- Reformation, theses,catechisms, and confessions -- Writings of the Protestant Reformers -- Hermeneutics -- The Great Awakening. | |
| 526 | _aSEG42 | ||
| 526 | _aSEG41 | ||
| 526 | _aSEG40 | ||
| 526 | _aSEG39 | ||
| 526 | _aP94 | ||
| 526 | _aP87 | ||
| 526 | _aP86 | ||
| 526 | _aP85 | ||
| 526 | _aP77 | ||
| 526 | _aP76 | ||
| 526 | _aP35 | ||
| 650 | 4 |
_aTeología _xHistoria _vFuentes. |
|
| 910 |
_acce _bjvq _ccce _d20150825 |
||
| 942 |
_2ddc _cBOOK |
||
| 949 |
_aPGT 230 L32 _wDEWEY _c1 _i71491 _lCCODEBUL1 _mBUL _p32.00 _r0 _sY _tBOOK _u2015-8-25 _xTEOLOGIA _PP85 _0COMPRA _o.CIRCNOTE. No olvidar cambiar la fecha de devolución!!!!!!! _o.STAFF. Posgrado |
||
| 994 |
_aC0 _bPEPRU |
||
| 596 | _a1 | ||
| 999 |
_aPGT 230 L32 _wDEWEY _c6969 _i71491 _d6969 _f2021-11-9 _g5 _lCCODEBUL1 _mBUL _p32.00 _q1 _r0 _sY _tBOOK _u2015-8-25 _xTEOLOGIA _PP85 _0COMPRA _o.CIRCNOTE. No olvidar cambiar la fecha de devolución!!!!!!! _o.STAFF. Posgrado |
||
| 980 |
_81 _gALBERTO SANCHEZ Responsable de Automatización |
||